Les finalistes de la CAN depuis 1957 - Statistiques

Statistiques générales
  • Ce quiz a été pris 884 fois
    668 depuis la dernière actualisation
  • Le résultat moyen est 16 sur 20
Statistiques - réponses
# Finaliste % Correct
3 Algérie
100%
4 Sénégal
98%
10 Égypte
97%
3 Maroc
97%
5 Côte d'Ivoire
95%
3 Tunisie
94%
2 Afrique du Sud
91%
7 Cameroun
90%
2 RD Congo
88%
1 Congo
86%
8 Nigeria
85%
1 Mali
78%
9 Ghana
77%
3 Zambie
71%
1 Guinée
64%
3 Soudan
58%
2 Éthiopie
57%
1 Libye
55%
1 Burkina Faso
48%
1 Ouganda
26%
Aucun quiz correspondant
Distribution des résultats
% des personnes avec chaque résultat
Percentile par nombre de réponses
Votre historique - résultats
Vous n’avez pas pris ce quiz depuis la dernière actualisation